Tennessee Head Football Coaches by Picture - Statistics

General Stats
  • This quiz has been taken 34 times
  • The average score is 9 of 26
Answer Stats
Picture Hint Answer % Correct
2021-Present Josh Heupel
97%
2009 Lane Kiffin
94%
2013-2017 Butch Jones
91%
2018-2020 Jeremy Pruitt
84%
1926-1934 | 1936-1940 | 1946-1952 Robert Neyland
84%
1992-2008 Phillip Fulmer
81%
2010-2012 Derek Dooley
69%
1977-1992 Johnny Majors
53%
1970-1976 Bill Battle
28%
1964-1969 Doug Dickey
25%
1955-1962 Bowden Wyatt
19%
2012 Jim Chaney
19%
2017 Brady Hoke
13%
1941-1942 | 1944-1945 John Barnhill
13%
1916 | 1919-1920 John R. Bender
13%
1921-1925 M. B. Banks
13%
1911-1915 Zora G. Clevenger
13%
1907-1909 George Levene
9%
1901 Gilbert Kelly
9%
1953-1954 Harvey Robinson
9%
1905-1906 James DePree
9%
1963 Jim McDonald
9%
1910 Lex Stone
9%
1904 Sax Crawford
9%
1935 W. H. Britton
9%
1902-1903 Hubert Fisher
6%
No matching quizzes found
Score Distribution
Percent of People with Each Score
Percentile by Number Answered
Your Score History
You have not taken this quiz